<?xml version="1.0" encoding="UTF-8"?>
<record
    xmlns:xsi="http://www.w3.org/2001/XMLSchema-instance"
    xsi:schemaLocation="http://www.loc.gov/MARC21/slim http://www.loc.gov/standards/marcxml/schema/MARC21slim.xsd"
    xmlns="http://www.loc.gov/MARC21/slim">

  <leader>00431nam a2200157Ia 4500</leader>
  <controlfield tag="008">220430s9999    xx            000 0 und d</controlfield>
  <datafield tag="020" ind1=" " ind2=" ">
    <subfield code="a">9788173717185</subfield>
  </datafield>
  <datafield tag="041" ind1=" " ind2=" ">
    <subfield code="a">eng</subfield>
  </datafield>
  <datafield tag="082" ind1=" " ind2=" ">
    <subfield code="a">616.01</subfield>
  </datafield>
  <datafield tag="100" ind1=" " ind2=" ">
    <subfield code="a">ANATHANARAYAN</subfield>
    <subfield code="9">44895</subfield>
  </datafield>
  <datafield tag="245" ind1=" " ind2=" ">
    <subfield code="a">TEXTBOOK OF  MICROBIOLOGY FOR NURSES</subfield>
  </datafield>
  <datafield tag="250" ind1=" " ind2=" ">
    <subfield code="a">FIRST</subfield>
  </datafield>
  <datafield tag="260" ind1=" " ind2=" ">
    <subfield code="a">HYDRABADE</subfield>
    <subfield code="b">UNIVERSITY PRESS (INDIA) PRIVATE LIMITED,HYDERABAD</subfield>
    <subfield code="c">2004</subfield>
  </datafield>
  <datafield tag="300" ind1=" " ind2=" ">
    <subfield code="a">350</subfield>
  </datafield>
  <datafield tag="650" ind1=" " ind2=" ">
    <subfield code="a">MICROBIOLOGY</subfield>
    <subfield code="9">44896</subfield>
  </datafield>
  <datafield tag="999" ind1=" " ind2=" ">
    <subfield code="c">1382</subfield>
    <subfield code="d">1382</subfield>
  </datafield>
  <datafield tag="952" ind1=" " ind2=" ">
    <subfield code="0">0</subfield>
    <subfield code="1">0</subfield>
    <subfield code="4">0</subfield>
    <subfield code="7">0</subfield>
    <subfield code="a">SNCN</subfield>
    <subfield code="b">SNCN</subfield>
    <subfield code="d">2012-12-21</subfield>
    <subfield code="e">TEXTBOOK DONATED BOOK SOURCE</subfield>
    <subfield code="g">50.00</subfield>
    <subfield code="p">SNCN-BK-1245</subfield>
    <subfield code="r">2023-05-05 00:00:00</subfield>
    <subfield code="w">2022-05-31</subfield>
    <subfield code="y">DB</subfield>
    <subfield code="z">1245</subfield>
  </datafield>
  <datafield tag="952" ind1=" " ind2=" ">
    <subfield code="0">0</subfield>
    <subfield code="1">0</subfield>
    <subfield code="4">0</subfield>
    <subfield code="7">0</subfield>
    <subfield code="a">SNCN</subfield>
    <subfield code="b">SNCN</subfield>
    <subfield code="d">2014-08-13</subfield>
    <subfield code="e">TEXTBOOK DONATED BOOK SOURCE</subfield>
    <subfield code="g">400.00</subfield>
    <subfield code="l">15</subfield>
    <subfield code="m">3</subfield>
    <subfield code="p">SNCN-BK-1246</subfield>
    <subfield code="r">2025-02-21 00:00:00</subfield>
    <subfield code="s">2025-01-23</subfield>
    <subfield code="w">2022-05-31</subfield>
    <subfield code="y">DB</subfield>
    <subfield code="z">1246</subfield>
  </datafield>
  <datafield tag="952" ind1=" " ind2=" ">
    <subfield code="0">0</subfield>
    <subfield code="1">0</subfield>
    <subfield code="4">0</subfield>
    <subfield code="7">0</subfield>
    <subfield code="8">NURSING</subfield>
    <subfield code="a">SNCN</subfield>
    <subfield code="b">SNCN</subfield>
    <subfield code="d">2014-08-18</subfield>
    <subfield code="g">187.50</subfield>
    <subfield code="l">2</subfield>
    <subfield code="o">616.01</subfield>
    <subfield code="p">SNCN-BB-49</subfield>
    <subfield code="r">2023-05-05 00:00:00</subfield>
    <subfield code="s">2023-02-16</subfield>
    <subfield code="w">2022-05-15</subfield>
    <subfield code="y">BB</subfield>
  </datafield>
  <datafield tag="952" ind1=" " ind2=" ">
    <subfield code="0">0</subfield>
    <subfield code="1">0</subfield>
    <subfield code="4">0</subfield>
    <subfield code="7">0</subfield>
    <subfield code="8">NURSING</subfield>
    <subfield code="a">SNCN</subfield>
    <subfield code="b">SNCN</subfield>
    <subfield code="d">2014-08-18</subfield>
    <subfield code="g">187.50</subfield>
    <subfield code="l">1</subfield>
    <subfield code="o">616.01</subfield>
    <subfield code="p">SNCN-BB-50</subfield>
    <subfield code="r">2023-05-05 00:00:00</subfield>
    <subfield code="s">2023-01-12</subfield>
    <subfield code="w">2022-05-15</subfield>
    <subfield code="y">BB</subfield>
  </datafield>
  <datafield tag="952" ind1=" " ind2=" ">
    <subfield code="0">0</subfield>
    <subfield code="1">0</subfield>
    <subfield code="4">0</subfield>
    <subfield code="7">0</subfield>
    <subfield code="8">NURSING</subfield>
    <subfield code="a">SNCN</subfield>
    <subfield code="b">SNCN</subfield>
    <subfield code="d">2014-08-18</subfield>
    <subfield code="g">187.50</subfield>
    <subfield code="l">10</subfield>
    <subfield code="o">616.01</subfield>
    <subfield code="p">SNCN-BB-51</subfield>
    <subfield code="r">2025-07-17 00:00:00</subfield>
    <subfield code="s">2025-07-11</subfield>
    <subfield code="w">2022-05-15</subfield>
    <subfield code="y">BB</subfield>
  </datafield>
  <datafield tag="952" ind1=" " ind2=" ">
    <subfield code="0">0</subfield>
    <subfield code="1">0</subfield>
    <subfield code="4">0</subfield>
    <subfield code="7">0</subfield>
    <subfield code="8">NURSING</subfield>
    <subfield code="a">SNCN</subfield>
    <subfield code="b">SNCN</subfield>
    <subfield code="d">2014-08-18</subfield>
    <subfield code="g">187.50</subfield>
    <subfield code="l">8</subfield>
    <subfield code="m">1</subfield>
    <subfield code="o">616.01</subfield>
    <subfield code="p">SNCN-BB-52</subfield>
    <subfield code="r">2025-04-19 00:00:00</subfield>
    <subfield code="s">2025-04-18</subfield>
    <subfield code="w">2022-05-15</subfield>
    <subfield code="y">BB</subfield>
  </datafield>
  <datafield tag="952" ind1=" " ind2=" ">
    <subfield code="0">0</subfield>
    <subfield code="1">0</subfield>
    <subfield code="4">0</subfield>
    <subfield code="7">0</subfield>
    <subfield code="8">NURSING</subfield>
    <subfield code="a">SNCN</subfield>
    <subfield code="b">SNCN</subfield>
    <subfield code="d">2014-08-18</subfield>
    <subfield code="g">187.50</subfield>
    <subfield code="l">12</subfield>
    <subfield code="o">616.01</subfield>
    <subfield code="p">SNCN-BB-53</subfield>
    <subfield code="r">2025-01-17 00:00:00</subfield>
    <subfield code="s">2025-01-16</subfield>
    <subfield code="w">2022-05-15</subfield>
    <subfield code="y">BB</subfield>
  </datafield>
  <datafield tag="952" ind1=" " ind2=" ">
    <subfield code="0">0</subfield>
    <subfield code="1">0</subfield>
    <subfield code="4">0</subfield>
    <subfield code="7">0</subfield>
    <subfield code="8">NURSING</subfield>
    <subfield code="a">SNCN</subfield>
    <subfield code="b">SNCN</subfield>
    <subfield code="d">2014-08-18</subfield>
    <subfield code="g">187.50</subfield>
    <subfield code="l">2</subfield>
    <subfield code="o">616.01</subfield>
    <subfield code="p">SNCN-BB-54</subfield>
    <subfield code="r">2023-04-21 00:00:00</subfield>
    <subfield code="s">2023-04-20</subfield>
    <subfield code="w">2022-05-15</subfield>
    <subfield code="y">BB</subfield>
  </datafield>
  <datafield tag="952" ind1=" " ind2=" ">
    <subfield code="0">0</subfield>
    <subfield code="1">0</subfield>
    <subfield code="4">0</subfield>
    <subfield code="7">0</subfield>
    <subfield code="8">NURSING</subfield>
    <subfield code="a">SNCN</subfield>
    <subfield code="b">SNCN</subfield>
    <subfield code="d">2014-08-18</subfield>
    <subfield code="g">187.50</subfield>
    <subfield code="l">3</subfield>
    <subfield code="o">616.01</subfield>
    <subfield code="p">SNCN-BB-55</subfield>
    <subfield code="r">2023-04-17 00:00:00</subfield>
    <subfield code="s">2023-04-05</subfield>
    <subfield code="w">2022-05-15</subfield>
    <subfield code="y">BB</subfield>
  </datafield>
  <datafield tag="952" ind1=" " ind2=" ">
    <subfield code="0">0</subfield>
    <subfield code="1">0</subfield>
    <subfield code="4">0</subfield>
    <subfield code="7">0</subfield>
    <subfield code="8">NURSING</subfield>
    <subfield code="a">SNCN</subfield>
    <subfield code="b">SNCN</subfield>
    <subfield code="d">2014-08-18</subfield>
    <subfield code="g">187.50</subfield>
    <subfield code="l">7</subfield>
    <subfield code="o">616.01</subfield>
    <subfield code="p">SNCN-BB-56</subfield>
    <subfield code="r">2025-12-02 14:52:46</subfield>
    <subfield code="s">2025-11-26</subfield>
    <subfield code="w">2022-05-15</subfield>
    <subfield code="y">BB</subfield>
  </datafield>
  <datafield tag="952" ind1=" " ind2=" ">
    <subfield code="0">0</subfield>
    <subfield code="1">0</subfield>
    <subfield code="4">0</subfield>
    <subfield code="7">0</subfield>
    <subfield code="8">NURSING</subfield>
    <subfield code="a">SNCN</subfield>
    <subfield code="b">SNCN</subfield>
    <subfield code="d">2014-08-18</subfield>
    <subfield code="g">187.50</subfield>
    <subfield code="l">1</subfield>
    <subfield code="o">616.01</subfield>
    <subfield code="p">SNCN-BB-57</subfield>
    <subfield code="r">2023-05-05 00:00:00</subfield>
    <subfield code="s">2023-04-20</subfield>
    <subfield code="w">2022-05-15</subfield>
    <subfield code="y">BB</subfield>
  </datafield>
  <datafield tag="952" ind1=" " ind2=" ">
    <subfield code="0">0</subfield>
    <subfield code="1">0</subfield>
    <subfield code="4">0</subfield>
    <subfield code="7">0</subfield>
    <subfield code="8">NURSING</subfield>
    <subfield code="a">SNCN</subfield>
    <subfield code="b">SNCN</subfield>
    <subfield code="d">2014-08-18</subfield>
    <subfield code="g">187.50</subfield>
    <subfield code="l">2</subfield>
    <subfield code="o">616.01</subfield>
    <subfield code="p">SNCN-BB-58</subfield>
    <subfield code="r">2023-05-05 00:00:00</subfield>
    <subfield code="s">2023-02-16</subfield>
    <subfield code="w">2022-05-15</subfield>
    <subfield code="y">BB</subfield>
  </datafield>
  <datafield tag="952" ind1=" " ind2=" ">
    <subfield code="0">0</subfield>
    <subfield code="1">0</subfield>
    <subfield code="4">0</subfield>
    <subfield code="7">0</subfield>
    <subfield code="8">NURSING</subfield>
    <subfield code="a">SNCN</subfield>
    <subfield code="b">SNCN</subfield>
    <subfield code="d">2014-08-18</subfield>
    <subfield code="g">187.50</subfield>
    <subfield code="l">6</subfield>
    <subfield code="o">616.01</subfield>
    <subfield code="p">SNCN-BB-59</subfield>
    <subfield code="r">2023-12-13 00:00:00</subfield>
    <subfield code="s">2023-12-13</subfield>
    <subfield code="w">2022-05-15</subfield>
    <subfield code="y">BB</subfield>
  </datafield>
  <datafield tag="952" ind1=" " ind2=" ">
    <subfield code="0">0</subfield>
    <subfield code="1">0</subfield>
    <subfield code="4">0</subfield>
    <subfield code="7">0</subfield>
    <subfield code="8">NURSING</subfield>
    <subfield code="a">SNCN</subfield>
    <subfield code="b">SNCN</subfield>
    <subfield code="d">2014-08-18</subfield>
    <subfield code="g">187.50</subfield>
    <subfield code="l">3</subfield>
    <subfield code="o">616.01</subfield>
    <subfield code="p">SNCN-BB-60</subfield>
    <subfield code="r">2023-07-28 00:00:00</subfield>
    <subfield code="s">2023-06-23</subfield>
    <subfield code="w">2022-05-15</subfield>
    <subfield code="y">BB</subfield>
  </datafield>
</record>
